[Event "FIDE Open World Blitz 2021"]
[Site "Warsaw"]
[Date "2021.12.30"]
[Round "19.41"]
[White "Saraci, Nderim"]
[Black "Najer, Evgeniy"]
[Result "0-1"]
[WhiteElo "2486"]
[BlackElo "2654"]
[Annotator "ChessBase"]
[PlyCount "118"]
[EventDate "2021.12.29"]
[EventType "swiss"]
[EventCountry "POL"]
[Tiebreak "Cut1 Buchholz"]
[SourceTitle "playchess.com"]
[Source "ChessBase"]
[SourceQuality "1"]

1. Nf3 d5 2. b3 c5 3. Bb2 f6 4. c4 d4 5. b4 e5 6. bxc5 Bxc5 7. d3 Nc6 8. g3 Nh6
9. Bg2 O-O 10. O-O Nf7 11. Ba3 Bxa3 12. Nxa3 Qe7 13. Nc2 Rd8 14. Re1 Rb8 15.
Qc1 b6 16. Qa3 Qxa3 17. Nxa3 Nd6 18. Rab1 Bd7 19. Nd2 Rdc8 20. Nb5 Nxb5 21.
Rxb5 Na5 22. Rb2 Nb7 23. Bxb7 Rxb7 24. f4 Bc6 25. fxe5 fxe5 26. e3 Rd7 27. e4
Rf7 28. Rf1 Bd7 29. Rxf7 Kxf7 30. Kg2 Ke6 31. Nf3 h6 32. Nh4 Rc5 33. Nf5 g6 34.
Nxh6 b5 35. Rb4 a5 36. Rb2 bxc4 37. dxc4 Bc6 38. Kf3 Rxc4 39. Re2 Rc3+ 40. Kf2
d3 41. Rd2 Bxe4 42. Ke3 Bd5 43. Ng4 e4 44. Kf4 Rc1 45. Nf2 Rc2 46. Ke3 Rc4 47.
Rb2 Rc2 48. Rb6+ Kd7 49. Nd1 Re2+ 50. Kd4 Bxa2 51. Nc3 d2 52. Rb7+ Kc6 53. Rb2
Be6 54. Rc2 Kd7 55. Rb2 e3 56. Rb7+ Kc8 57. Rb6 Kd7 58. Rb7+ Kc6 59. Rb1 Re1
0-1

[Event "FIDE Open World Blitz 2021"]
[Site "Warsaw"]
[Date "2021.12.30"]
[Round "19.42"]
[White "Tazbir, Marcin"]
[Black "Rapport, Richard"]
[Result "1-0"]
[WhiteElo "2508"]
[BlackElo "2763"]
[Annotator "ChessBase"]
[PlyCount "113"]
[EventDate "2021.12.29"]
[EventType "swiss"]
[EventCountry "POL"]
[Tiebreak "Cut1 Buchholz"]
[SourceTitle "playchess.com"]
[Source "ChessBase"]
[SourceQuality "1"]

1. c4 c5 2. g3 Nc6 3. Bg2 g5 4. Nc3 d6 5. e3 Bg7 6. d3 Bxc3+ 7. bxc3 Nf6 8. h3
Qd7 9. e4 Rg8 10. Be3 b6 11. Qd2 Ne5 12. Bxg5 Nxd3+ 13. Qxd3 Rxg5 14. f4 Rg6
15. f5 Rg8 16. Ne2 Bb7 17. O-O Qa4 18. e5 Bxg2 19. exf6 Bxf1 20. Qe4 O-O-O 21.
fxe7 Bxe2 22. exd8=R+ Rxd8 23. Qxe2 Re8 24. Qf3 Kc7 25. Qd5 Qd7 26. g4 Qe7 27.
Rd1 Qf6 28. Rd3 h5 29. Rd2 hxg4 30. hxg4 Re1+ 31. Kg2 Re8 32. a4 Rg8 33. Kf3
Rh8 34. Kg2 Rh4 35. Kg3 Rh7 36. Kg2 Qh6 37. Kf1 Qh3+ 38. Ke1 Qg3+ 39. Kd1 Qxg4+
40. Kc2 Qf4 41. Qa8 Qxf5+ 42. Kb2 Qc8 43. Qxa7+ Kc6 44. a5 bxa5 45. Qxa5 Qb7+
46. Kc2 Kd7 47. Qa4+ Ke6 48. Re2+ Kf6 49. Qe8 Rh4 50. Rf2+ Kg5 51. Qg8+ Kh6 52.
Qh8+ Kg5 53. Qf6+ Kh5 54. Rf5+ Kg4 55. Rg5+ Kh3 56. Qf1+ Kh2 57. Qg1+ 1-0

[Event "FIDE Open World Blitz 2021"]
[Site "Warsaw"]
[Date "2021.12.30"]
[Round "19.43"]
[White "Korobov, Anton"]
[Black "Socko, Bartosz"]
[Result "1-0"]
[WhiteElo "2684"]
[BlackElo "2571"]
[Annotator "ChessBase"]
[PlyCount "75"]
[EventDate "2021.12.29"]
[EventType "swiss"]
[EventCountry "POL"]
[Tiebreak "Cut1 Buchholz"]
[SourceTitle "playchess.com"]
[Source "ChessBase"]
[SourceQuality "1"]

1. d4 e6 2. c4 b6 3. Nf3 Bb7 4. a3 g6 5. Bg5 f6 6. Bd2 Bg7 7. Bc3 d5 8. cxd5
exd5 9. e3 Ne7 10. Nbd2 O-O 11. b4 Nd7 12. Bd3 f5 13. Rc1 Nf6 14. O-O Ne4 15.
Ba1 Qd6 16. Ne5 c6 17. f3 Nxd2 18. Qxd2 Rac8 19. a4 g5 20. f4 Ng6 21. a5 bxa5
22. bxa5 gxf4 23. exf4 Ba8 24. Rc5 Bh6 25. Qc1 Rc7 26. a6 Rg7 27. g3 Kh8 28.
Kh1 Ne7 29. Bc3 Rf6 30. Bb4 Qc7 31. Qa3 Rg8 32. Rc2 Bf8 33. Bc5 Rg7 34. Rb2 Rh6
35. Kg1 Qd8 36. Rfb1 Ng6 37. Bxf8 Nxf8 38. Rb8 1-0

[Event "FIDE Open World Blitz 2021"]
[Site "Warsaw"]
[Date "2021.12.30"]
[Round "19.44"]
[White "Czarnota, Pawel"]
[Black "Shevchenko, Kirill"]
[Result "1-0"]
[WhiteElo "2502"]
[BlackElo "2647"]
[Annotator "ChessBase"]
[PlyCount "129"]
[EventDate "2021.12.29"]
[EventType "swiss"]
[EventCountry "POL"]
[Tiebreak "Cut1 Buchholz"]
[SourceTitle "playchess.com"]
[Source "ChessBase"]
[SourceQuality "1"]

1. e4 c5 2. Nf3 d6 3. d4 cxd4 4. Nxd4 Nf6 5. Nc3 a6 6. Be2 e5 7. Nb3 Be7 8. Bg5
Be6 9. Bxf6 Bxf6 10. Qd3 Nc6 11. O-O-O Qb6 12. Rhf1 Be7 13. Kb1 O-O 14. Nd5
Bxd5 15. Qxd5 a5 16. a3 a4 17. Nc1 Ra5 18. Qd3 Nd4 19. c3 Nxe2 20. Qxe2 Rd8 21.
Nd3 d5 22. Nb4 d4 23. Nd5 Qe6 24. cxd4 exd4 25. Qd3 Bf6 26. f3 g6 27. Rc1 Kg7
28. Rc4 Be5 29. g3 b5 30. Rc5 Qh3 31. Rf2 Qd7 32. Rfc2 Kh8 33. f4 Bg7 34. e5
Qe6 35. Nc7 Qb3 36. Qxb3 axb3 37. Rd2 Rc8 38. Rxd4 Bf8 39. Rc3 h5 40. Nxb5 Rb8
41. Nd6 Kg8 42. Rdd3 f6 43. Rxb3 Rxb3 44. Rxb3 fxe5 45. Nc4 Rd5 46. Nxe5 Rd2
47. Nxg6 Bc5 48. h3 Kf7 49. Ne5+ Ke6 50. g4 h4 51. Nf3 Rd1+ 52. Kc2 Rf1 53.
Nxh4 Rxf4 54. Nf5 Kd5 55. Rd3+ Kc6 56. b4 Bb6 57. Kb3 Bf2 58. Rc3+ Kb6 59. Ne7
Rd4 60. Rf3 Be1 61. g5 Re4 62. Nf5 Bd2 63. g6 Re8 64. g7 Be1 65. Rf4 1-0

[Event "FIDE Open World Blitz 2021"]
[Site "Warsaw"]
[Date "2021.12.30"]
[Round "19.45"]
[White "Kadric, Denis"]
[Black "Paravyan, David"]
[Result "0-1"]
[WhiteElo "2566"]
[BlackElo "2642"]
[Annotator "ChessBase"]
[PlyCount "114"]
[EventDate "2021.12.29"]
[EventType "swiss"]
[EventCountry "POL"]
[Tiebreak "Cut1 Buchholz"]
[SourceTitle "playchess.com"]
[Source "ChessBase"]
[SourceQuality "1"]

1. e4 e5 2. Nf3 Nc6 3. Bc4 Nf6 4. d3 d5 5. exd5 Nxd5 6. O-O Be7 7. a4 O-O 8. a5
a6 9. c3 Bg4 10. Re1 Kh8 11. h3 Bh5 12. Nbd2 f6 13. Ne4 Rb8 14. Ng3 Bf7 15. Bd2
Qd7 16. b4 Rbd8 17. b5 Nb8 18. bxa6 Nxa6 19. Qe2 Rfe8 20. Rab1 c6 21. Nh4 Bf8
22. Qf3 Nc5 23. Nhf5 Ne6 24. d4 exd4 25. cxd4 Qc7 26. Qg4 Qd7 27. Rb3 Ng5 28.
Reb1 Rb8 29. Bxg5 fxg5 30. Qxg5 g6 31. Bxd5 Bxd5 32. Ne3 Bxb3 33. Rxb3 Qxd4 34.
Rb1 Bg7 35. Rd1 Qe5 36. Qg4 Rbd8 37. Rb1 Re7 38. h4 Qxa5 39. h5 gxh5 40. Nxh5
Rg8 41. Nf5 Be5 42. Qxg8+ Kxg8 43. Nxe7+ Kf7 44. Nf5 b5 45. g4 Qd2 46. Kg2 Bd4
47. Rf1 b4 48. Nhg3 Bb6 49. Ne4 Qd5 50. f3 b3 51. Rh1 Kf8 52. Rxh7 Qe5 53. Ng5
Qe2+ 54. Kg3 Bf2+ 55. Kh3 Qf1+ 56. Kh2 Qg1+ 57. Kh3 Qh1# 0-1

[Event "FIDE Open World Blitz 2021"]
[Site "Warsaw"]
[Date "2021.12.30"]
[Round "19.46"]
[White "Zvjaginsev, Vadim"]
[Black "Puranik, Abhimanyu"]
[Result "1-0"]
[WhiteElo "2609"]
[BlackElo "2604"]
[Annotator "ChessBase"]
[PlyCount "75"]
[EventDate "2021.12.29"]
[EventType "swiss"]
[EventCountry "POL"]
[Tiebreak "Cut1 Buchholz"]
[SourceTitle "playchess.com"]
[Source "ChessBase"]
[SourceQuality "1"]

1. c4 c5 2. Nf3 Nc6 3. Nc3 Nf6 4. e3 e6 5. d4 d5 6. a3 h6 7. Bd3 cxd4 8. exd4
Be7 9. O-O O-O 10. cxd5 Nxd5 11. Re1 Nf6 12. Bc2 b6 13. Qd3 Bb7 14. Bf4 Re8 15.
Rad1 Bf8 16. d5 Ne7 17. dxe6 Qxd3 18. exf7+ Kxf7 19. Ne5+ Kg8 20. Bxd3 Ned5 21.
Bc4 Rad8 22. Bg3 Kh7 23. Bd3+ Kg8 24. Nxd5 Bxd5 25. Bb5 Re6 26. h3 Bc5 27. b4
Bd6 28. f4 Bb3 29. Rd3 Bd5 30. Red1 Be4 31. Rd4 Kh7 32. Bh4 Bxe5 33. Rxd8 Bxf4
34. Re1 g5 35. Bf2 Re7 36. Bd3 Kg7 37. Bd4 Kf7 38. Bxf6 1-0

[Event "FIDE Open World Blitz 2021"]
[Site "Warsaw"]
[Date "2021.12.30"]
[Round "19.47"]
[White "Saric, Ivan"]
[Black "Movsesian, Sergei"]
[Result "1/2-1/2"]
[WhiteElo "2665"]
[BlackElo "2615"]
[Annotator "ChessBase"]
[PlyCount "87"]
[EventDate "2021.12.29"]
[EventType "swiss"]
[EventCountry "POL"]
[Tiebreak "Cut1 Buchholz"]
[SourceTitle "playchess.com"]
[Source "ChessBase"]
[SourceQuality "1"]

1. e4 Nf6 2. e5 Nd5 3. d4 d6 4. Nf3 dxe5 5. Nxe5 c6 6. Be2 Bf5 7. O-O Nd7 8.
Nf3 e6 9. c4 N5f6 10. Nh4 Bxb1 11. Rxb1 Bd6 12. g3 O-O 13. Qc2 Qc7 14. Rd1 Rad8
15. b4 a6 16. a4 Rfe8 17. Be3 e5 18. Nf5 Bf8 19. Qb2 exd4 20. Rxd4 c5 21. Bf4
Qc8 22. bxc5 Nxc5 23. Rxd8 Qxd8 24. Rd1 Qc8 25. Nd6 Bxd6 26. Rxd6 Nxa4 27. Qc2
Nc5 28. Bf3 Qh3 29. Qd1 h6 30. Be3 Nce4 31. Rd8 Rxd8 32. Qxd8+ Kh7 33. Qe7 Qf5
34. Bxe4 Nxe4 35. Qxb7 a5 36. c5 a4 37. c6 Qd5 38. Qa6 Qd1+ 39. Kg2 Qd5 40. f3
Nd2 41. Bxd2 Qxd2+ 42. Kh3 Qc2 43. c7 Qxc7 44. Qxa4 1/2-1/2

[Event "FIDE Open World Blitz 2021"]
[Site "Warsaw"]
[Date "2021.12.30"]
[Round "19.48"]
[White "Bluebaum, Matthias"]
[Black "Theodorou, Nikolas"]
[Result "1-0"]
[WhiteElo "2609"]
[BlackElo "2351"]
[Annotator "ChessBase"]
[PlyCount "88"]
[EventDate "2021.12.29"]
[EventType "swiss"]
[EventCountry "POL"]
[Tiebreak "Cut1 Buchholz"]
[SourceTitle "playchess.com"]
[Source "ChessBase"]
[SourceQuality "1"]

1. d4 Nf6 2. c4 g6 3. Nc3 Bg7 4. e4 d6 5. Nf3 O-O 6. Be2 Na6 7. O-O e5 8. Be3
Qe7 9. Bg5 exd4 10. Nxd4 c6 11. f3 Nc5 12. Qd2 Nfxe4 13. Nxe4 Nxe4 14. fxe4
Bxd4+ 15. Kh1 f6 16. Qxd4 fxg5 17. Rxf8+ Qxf8 18. c5 d5 19. exd5 Qf4 20. Qxf4
gxf4 21. d6 Be6 22. Kg1 g5 23. Kf2 Kg7 24. b4 a5 25. b5 cxb5 26. Bxb5 Rc8 27.
Rc1 Bxa2 28. d7 Rd8 29. Re1 Bf7 30. Re8 Rxd7 31. Bxd7 Bxe8 32. Bxe8 Kf6 33. Kf3
Ke5 34. Kg4 h6 35. c6 bxc6 36. Bxc6 Kf6 37. Kh5 Kg7 38. Ba4 Kh7 39. Bb3 Kg7 40.
h3 Kh7 41. Ba4 Kg7 42. Bc2 Kf6 43. Kxh6 Ke5 44. Kxg5 Kd5 1-0

[Event "FIDE Open World Blitz 2021"]
[Site "Warsaw"]
[Date "2021.12.30"]
[Round "19.49"]
[White "Gagunashvili, Merab"]
[Black "Teclaf, Pawel"]
[Result "1-0"]
[WhiteElo "2575"]
[BlackElo "2543"]
[Annotator "ChessBase"]
[PlyCount "95"]
[EventDate "2021.12.29"]
[EventType "swiss"]
[EventCountry "POL"]
[Tiebreak "Cut1 Buchholz"]
[SourceTitle "playchess.com"]
[Source "ChessBase"]
[SourceQuality "1"]

1. d4 e6 2. Nf3 c5 3. e3 Nf6 4. c4 b6 5. Nc3 cxd4 6. exd4 Bb7 7. Bd3 d6 8. O-O
Be7 9. Bg5 O-O 10. Qe2 Nbd7 11. b4 a5 12. a3 Bc6 13. Rfe1 Re8 14. Rab1 axb4 15.
axb4 Ra3 16. Qb2 Qa8 17. Ra1 Rxa1 18. Rxa1 Qb8 19. Qe2 h6 20. Bh4 Bf8 21. Rb1
Qa8 22. Ne1 d5 23. c5 bxc5 24. dxc5 e5 25. b5 e4 26. Bc2 d4 27. bxc6 Qxc6 28.
Ba4 Qc8 29. Bxf6 Nxf6 30. Bxe8 Qxe8 31. Nxe4 Nxe4 32. f3 Bxc5 33. Nd3 Be7 34.
Qxe4 Qd8 35. Re1 Bf8 36. Ne5 Qd6 37. Rd1 Qa3 38. Kh1 Bc5 39. Qd5 Qa4 40. Qxf7+
Kh8 41. Rb1 Bd6 42. Ng6+ Kh7 43. Qf5 Qe8 44. Ne7+ Kh8 45. Qc8 Qxc8 46. Nxc8 Bc5
47. Nb6 d3 48. Nc4 1-0

[Event "FIDE Open World Blitz 2021"]
[Site "Warsaw"]
[Date "2021.12.30"]
[Round "19.50"]
[White "Wojtaszek, Radoslaw"]
[Black "Bellahcene, Bilel"]
[Result "1/2-1/2"]
[WhiteElo "2700"]
[BlackElo "2528"]
[Annotator "ChessBase"]
[PlyCount "109"]
[EventDate "2021.12.29"]
[EventType "swiss"]
[EventCountry "POL"]
[Tiebreak "Cut1 Buchholz"]
[SourceTitle "playchess.com"]
[Source "ChessBase"]
[SourceQuality "1"]

1. c4 b6 2. d4 e6 3. a3 Bb7 4. Nc3 Nf6 5. Bf4 Be7 6. e3 O-O 7. Nf3 Ne4 8. Nxe4
Bxe4 9. Bd3 Bxd3 10. Qxd3 d6 11. h4 Nd7 12. O-O-O a6 13. Qc2 Re8 14. g4 d5 15.
cxd5 exd5 16. Kb1 Rc8 17. Ng5 Nf8 18. Qc6 Qd7 19. Qxd7 Nxd7 20. Nf3 Nf6 21. Ne5
Bd6 22. f3 c5 23. g5 Nh5 24. Bh2 c4 25. Rhe1 b5 26. e4 c3 27. Rc1 cxb2 28. Rxc8
Rxc8 29. Kxb2 f6 30. Ng4 Bxh2 31. Nxh2 Nf4 32. Rd1 Re8 33. gxf6 dxe4 34. fxe4
Rxe4 35. Ng4 Nd5 36. Rg1 g6 37. Nh6+ Kf8 38. h5 Nxf6 39. hxg6 hxg6 40. Rxg6 Nd5
41. Nf5 a5 42. Rd6 Re2+ 43. Kc1 Nc3 44. Rc6 b4 45. axb4 axb4 46. d5 Nxd5 47.
Nd4 Re4 48. Nc2 b3 49. Na3 Re2 50. Rc5 Nb4 51. Kd1 Ra2 52. Rb5 Ra1+ 53. Kd2
Rxa3 54. Rxb4 Ra7 55. Rxb3 1/2-1/2

[Event "FIDE Open World Blitz 2021"]
[Site "Warsaw"]
[Date "2021.12.30"]
[Round "19.51"]
[White "Bologan, Victor"]
[Black "Fridman, Daniel"]
[Result "1-0"]
[WhiteElo "2574"]
[BlackElo "2626"]
[Annotator "ChessBase"]
[PlyCount "55"]
[EventDate "2021.12.29"]
[EventType "swiss"]
[EventCountry "POL"]
[Tiebreak "Cut1 Buchholz"]
[SourceTitle "playchess.com"]
[Source "ChessBase"]
[SourceQuality "1"]

1. e4 e6 2. d4 d5 3. Nc3 Nf6 4. e5 Nfd7 5. Nce2 c5 6. c3 Nc6 7. f4 Qb6 8. Nf3
Be7 9. a3 a5 10. Ng3 f6 11. Bd3 O-O 12. h4 fxe5 13. dxe5 h6 14. Bb1 Rf7 15. Ng5
hxg5 16. hxg5 Bxg5 17. fxg5 Ndxe5 18. g6 Rc7 19. Qh5 Kf8 20. Bg5 Ke8 21. Qh8+
Kd7 22. Qxg7+ Kd6 23. Qf8+ Ne7 24. Rh7 N5c6 25. Bxe7+ Rxe7 26. Qf4+ e5 27. Qf6+
Re6 28. Nf5# 1-0

[Event "FIDE Open World Blitz 2021"]
[Site "Warsaw"]
[Date "2021.12.30"]
[Round "19.52"]
[White "Tari, Aryan"]
[Black "Parligras, Mircea-Emilian"]
[Result "1-0"]
[WhiteElo "2649"]
[BlackElo "2576"]
[Annotator "ChessBase"]
[PlyCount "79"]
[EventDate "2021.12.29"]
[EventType "swiss"]
[EventCountry "POL"]
[Tiebreak "Cut1 Buchholz"]
[SourceTitle "playchess.com"]
[Source "ChessBase"]
[SourceQuality "1"]

1. e4 e5 2. Nf3 Nc6 3. Bb5 Nf6 4. d3 Bc5 5. Bxc6 dxc6 6. Nbd2 Qe7 7. O-O Bg4 8.
Nc4 Nd7 9. h3 Bh5 10. g4 Bg6 11. Bg5 f6 12. Be3 O-O 13. Nh4 a5 14. a4 Rfe8 15.
Nf5 Qf7 16. Kh2 Kh8 17. Qf3 b6 18. Rg1 Rad8 19. b3 Bf8 20. h4 Qe6 21. h5 Bf7
22. g5 fxg5 23. Rxg5 h6 24. Rg3 Nf6 25. Rh3 Qd7 26. Bd2 Bg8 27. Rg1 Bh7 28.
Nxh6 gxh6 29. Qxf6+ Bg7 30. Qh4 Rf8 31. Be3 Qe6 32. Rhg3 Rd7 33. Qg4 Qxg4 34.
Rxg4 Rff7 35. Bd2 c5 36. R1g2 Rde7 37. Bc3 Bf6 38. Ne3 Rg7 39. Nd5 Rxg4 40.
Rxg4 1-0

[Event "FIDE Open World Blitz 2021"]
[Site "Warsaw"]
[Date "2021.12.30"]
[Round "20.1"]
[White "Carlsen, Magnus"]
[Black "Nepomniachtchi, Ian"]
[Result "1-0"]
[WhiteElo "2855"]
[BlackElo "2782"]
[Annotator "TA"]
[PlyCount "85"]
[EventDate "2021.12.29"]
[EventType "swiss"]
[EventCountry "POL"]
[Tiebreak "Cut1 Buchholz"]
[SourceTitle "playchess.com"]
[Source "ChessBase"]
[SourceQuality "1"]

1. Nf3 d5 2. g3 Nf6 3. Bg2 e6 4. O-O Be7 5. d3 Nc6 6. d4 O-O 7. Nbd2 b6 8. b3
Bb7 9. Bb2 Na5 10. Ne5 c5 11. dxc5 Bxc5 12. c4 Rc8 13. Rc1 Qe7 14. cxd5 Bxd5
15. Nd3 Bxg2 16. Kxg2 Bd6 17. Nf3 Nc6 18. Rc4 b5 19. Rc2 Nb4 20. Nxb4 Bxb4 21.
Qd3 a6 22. Rfc1 Rxc2 23. Qxc2 Ba3 24. Bxf6 Qxf6 25. Rd1 h6 26. Qc6 e5 27. Qxf6
gxf6 28. Rd7 Rc8 29. Ra7 Rc2 30. Rxa6 b4 31. e3 Rxa2 32. Rxf6 Bc1 33. Nxe5 Bxe3
34. Rxf7 Bd4 35. Rf5 Rb2 36. Nc6 Bc3 37. Rf3 Kg7 38. g4 Re2 39. Rf4 Rb2 40.
Nxb4 Rxb3 41. Nd5 Be5 42. Re4 Bd6 43. Ne3 1-0

[Event "FIDE Open World Blitz 2021"]
[Site "Warsaw"]
[Date "2021.12.30"]
[Round "20.1"]
[White "Bellahcene, Bilel"]
[Black "Sychev, Klementy"]
[Result "1/2-1/2"]
[WhiteElo "2528"]
[BlackElo "2615"]
[Annotator "ChessBase"]
[PlyCount "117"]
[EventDate "2021.12.29"]
[EventType "swiss"]
[EventCountry "POL"]
[Tiebreak "Cut1 Buchholz"]
[SourceTitle "playchess.com"]
[Source "ChessBase"]
[SourceQuality "1"]

1. e4 c5 2. Nf3 e6 3. d4 cxd4 4. Nxd4 Nf6 5. Nc3 Nc6 6. Qd3 d5 7. exd5 Nb4 8.
Qg3 Nbxd5 9. Bb5+ Bd7 10. Nxd5 Nxd5 11. O-O Bxb5 12. Nxb5 a6 13. Nc3 Qd6 14.
Qxd6 Bxd6 15. Nxd5 exd5 16. Be3 O-O-O 17. Rad1 Be5 18. c3 Rhe8 19. Rd3 Rd6 20.
Rfd1 Red8 21. Bc5 R6d7 22. g3 Kc7 23. Kg2 Kc6 24. Be3 b5 25. h4 f6 26. h5 a5
27. a3 Re8 28. Rc1 Red8 29. Bd4 Re8 30. Re3 Rde7 31. Rd3 Rd7 32. Rc2 Rde7 33.
b3 Rd7 34. Rd1 Kb7 35. a4 bxa4 36. bxa4 Ka6 37. h6 gxh6 38. Rh1 Rc7 39. Rd2
Bxd4 40. Rxd4 Rxc3 41. Rxh6 Re6 42. Rxd5 Rc4 43. Rxh7 Rxa4 44. Rdd7 Rb4 45.
Rhf7 a4 46. Rd8 Rbb6 47. Rc7 Kb5 48. Rc2 Ra6 49. Rd5+ Kb6 50. Rb2+ Kc7 51. g4
a3 52. Ra2 Red6 53. Rb5 Rdb6 54. Rc5+ Rc6 55. Rb5 Rcb6 56. Rc5+ Kd7 57. Rc3 Rb4
58. Raxa3 Rxa3 59. Rxa3 1/2-1/2

[Event "FIDE Open World Blitz 2021"]
[Site "Warsaw"]
[Date "2021.12.30"]
[Round "20.2"]
[White "Dubov, Daniil"]
[Black "Firouzja, Alireza"]
[Result "0-1"]
[WhiteElo "2714"]
[BlackElo "2770"]
[Annotator "TA"]
[PlyCount "78"]
[EventDate "2021.12.29"]
[EventType "swiss"]
[EventCountry "POL"]
[Tiebreak "Cut1 Buchholz"]
[SourceTitle "playchess.com"]
[Source "ChessBase"]
[SourceQuality "1"]

1. d4 Nf6 2. Nf3 g6 3. g3 Bg7 4. Bg2 O-O 5. O-O d6 6. a4 Nbd7 7. a5 c6 8. b3 e5
9. dxe5 dxe5 10. Nfd2 e4 11. Nc4 Nd5 12. Ra4 Nc5 13. Ra2 Nb4 14. Ba3 Qxd1 15.
Rxd1 Nxa2 16. Bxc5 Re8 17. Bxe4 Bh3 18. Bg2 Bg4 19. a6 b6 20. Be3 Bxe2 21. Rd2
Bxc4 22. bxc4 Rac8 23. c3 Nxc3 24. Nxc3 Bxc3 25. Rd7 Rcd8 26. Rxa7 Rd1+ 27. Bf1
Ra1 28. Kg2 c5 29. Bd3 Ra2 30. Kf3 Bd4 31. Bxd4 cxd4 32. Be4 Ra3+ 33. Kf4 d3
34. Bd5 d2 35. Bxf7+ Kf8 36. Bd5 d1=Q 37. Rf7+ Kg8 38. Re7+ Qxd5 39. Rxe8+ Kf7
0-1

[Event "FIDE Open World Blitz 2021"]
[Site "Warsaw"]
[Date "2021.12.30"]
[Round "20.2"]
[White "Van Foreest, Lucas"]
[Black "Vastrukhin, Oleg"]
[Result "1-0"]
[WhiteElo "2532"]
[BlackElo "2588"]
[Annotator "ChessBase"]
[PlyCount "146"]
[EventDate "2021.12.29"]
[EventType "swiss"]
[EventCountry "POL"]
[Tiebreak "Cut1 Buchholz"]
[SourceTitle "playchess.com"]
[Source "ChessBase"]
[SourceQuality "1"]

1. e4 e6 2. d4 d5 3. Nd2 c5 4. Ngf3 Nc6 5. exd5 exd5 6. Bb5 Bd6 7. dxc5 Bxc5 8.
O-O Nge7 9. Nb3 Bb6 10. c3 O-O 11. h3 Bf5 12. Bd3 Be4 13. Re1 f5 14. Be3 Ng6
15. Bxb6 Qxb6 16. Bf1 a5 17. a4 Bxf3 18. gxf3 Rad8 19. Nd4 Nxd4 20. Qxd4 Qxd4
21. cxd4 Kf7 22. Rab1 Rfe8 23. Rxe8 Rxe8 24. b4 axb4 25. Rxb4 Re7 26. Bd3 Kf6
27. Bb5 Kg5 28. Rb3 Kf4 29. Kf1 Nh4 30. Be2 Rc7 31. Ke1 g5 32. Rb5 Rd7 33. Rb3
h5 34. Rc3 Rd6 35. Rb3 b6 36. Rc3 Rd8 37. Kf1 Ra8 38. Bd1 Ra5 39. Kg1 Ra8 40.
Kf1 Rd8 41. Rb3 Rd6 42. Rc3 Ng6 43. Kg2 Nf8 44. Bb3 Ne6 45. Rd3 Rd8 46. Rd2 Nf8
47. Re2 Ng6 48. Re6 Nh4+ 49. Kf1 Nxf3 50. Rxb6 Nxd4 51. Bd1 h4 52. a5 Rc8 53.
Rb1 g4 54. hxg4 fxg4 55. a6 h3 56. a7 Ra8 57. Rb4 Ke5 58. Bxg4 Rxa7 59. Bxh3
Ra1+ 60. Kg2 Ne2 61. Bg4 Nf4+ 62. Kg3 Ra3+ 63. f3 Ne2+ 64. Kf2 Ra2 65. Rb8 d4
66. Re8+ Kd6 67. Rxe2 Ra3 68. Re8 Kd5 69. Rd8+ Ke5 70. Kg3 d3 71. Kf2 Kf4 72.
Rf8+ Ke5 73. Ke3 Kd5 1-0

[Event "FIDE Open World Blitz 2021"]
[Site "Warsaw"]
[Date "2021.12.30"]
[Round "20.3"]
[White "Artemiev, Vladislav"]
[Black "Vachier-Lagrave, Maxime"]
[Result "1/2-1/2"]
[WhiteElo "2699"]
[BlackElo "2766"]
[Annotator "ChessBase"]
[PlyCount "62"]
[EventDate "2021.12.29"]
[EventType "swiss"]
[EventCountry "POL"]
[Tiebreak "Cut1 Buchholz"]
[SourceTitle "playchess.com"]
[Source "ChessBase"]
[SourceQuality "1"]

1. Nf3 d5 2. g3 Nd7 3. c4 dxc4 4. Qa4 Ngf6 5. Bg2 e6 6. Qxc4 a6 7. Qc2 c5 8.
Nc3 Be7 9. O-O O-O 10. d4 cxd4 11. Nxd4 Nb6 12. Rd1 Qc7 13. Be3 Bd7 14. Ne4
Qxc2 15. Nxc2 Nfd5 16. Bd4 Bb5 17. Bxb6 Nxb6 18. Nc3 Bf6 19. Nd4 Na4 20. Nxa4
Bxa4 21. b3 Rad8 22. bxa4 Bxd4 23. Rac1 b6 24. e3 Bc5 25. Rxd8 Rxd8 26. a5 g6
27. Bf1 Rd2 28. axb6 Bxb6 29. Rc6 Rb2 30. Bxa6 Ba5 31. Kf1 Rxa2 1/2-1/2

[Event "FIDE Open World Blitz 2021"]
[Site "Warsaw"]
[Date "2021.12.30"]
[Round "20.3"]
[White "Puranik, Abhimanyu"]
[Black "Alonso Rosell, Alvar"]
[Result "0-1"]
[WhiteElo "2604"]
[BlackElo "2580"]
[Annotator "ChessBase"]
[PlyCount "70"]
[EventDate "2021.12.29"]
[EventType "swiss"]
[EventCountry "POL"]
[Tiebreak "Cut1 Buchholz"]
[SourceTitle "playchess.com"]
[Source "ChessBase"]
[SourceQuality "1"]

1. Nf3 f5 2. d3 Nc6 3. d4 Nf6 4. c4 g6 5. d5 Nb8 6. Nc3 Bg7 7. h4 d6 8. Bg5 h6
9. Bf4 Na6 10. e3 c6 11. Be2 cxd5 12. cxd5 O-O 13. O-O Bd7 14. a3 Rc8 15. Rc1
Nc5 16. Nd4 Qb6 17. b4 Nce4 18. Nxe4 Nxe4 19. Rxc8 Rxc8 20. Bf3 Rc4 21. Bxe4
fxe4 22. Qb3 Qc7 23. Qb1 Bxd4 24. exd4 Bf5 25. Qd1 h5 26. Be3 Rc2 27. Qb1 Bg4
28. Re1 Qc3 29. Bg5 Be2 30. Bxe7 Bd3 31. Qd1 Qxd4 32. Re3 Ra2 33. Kh2 Qe5+ 34.
Rg3 Rxf2 35. Bg5 Bf1 0-1

[Event "FIDE Open World Blitz 2021"]
[Site "Warsaw"]
[Date "2021.12.30"]
[Round "20.4"]
[White "Alekseenko, Kirill"]
[Black "Duda, Jan-Krzysztof"]
[Result "0-1"]
[WhiteElo "2710"]
[BlackElo "2756"]
[Annotator "ChessBase"]
[PlyCount "144"]
[EventDate "2021.12.29"]
[EventType "swiss"]
[EventCountry "POL"]
[Tiebreak "Cut1 Buchholz"]
[SourceTitle "playchess.com"]
[Source "ChessBase"]
[SourceQuality "1"]

1. e4 e5 2. Nf3 Nc6 3. Bb5 a6 4. Ba4 Nf6 5. O-O Be7 6. Bxc6 dxc6 7. d3 Nd7 8.
b3 O-O 9. Bb2 f6 10. Nbd2 Nc5 11. d4 exd4 12. Nxd4 Re8 13. Qe2 Bf8 14. Rad1 Qe7
15. Rfe1 Qf7 16. h3 Ne6 17. Nf5 Nf4 18. Qg4 Ng6 19. Nf3 Be6 20. h4 Kh8 21. h5
Ne7 22. N3h4 Rad8 23. Rxd8 Rxd8 24. Re3 Nxf5 25. exf5 Bc8 26. c4 Bc5 27. Rg3
Rd2 28. Ng6+ Kg8 29. Bc3 Bxf2+ 30. Kh1 Bxg3 31. Bxd2 hxg6 32. Qxg3 gxh5 33. Bf4
Bxf5 34. Bxc7 Kh7 35. Bd6 g5 36. Qe3 Kg6 37. Kh2 h4 38. Qb6 Qd7 39. Qc5 Be4 40.
Qd4 Qg4 41. Qf2 f5 42. Be7 f4 43. Qb2 Qg3+ 44. Kg1 Qe1+ 45. Kh2 Qg3+ 46. Kg1 h3
47. Qf6+ Kh5 48. Qh8+ Kg4 49. Qxh3+ Qxh3 50. gxh3+ Kxh3 51. Bxg5 Kg3 52. c5 Bd5
53. Bf6 Kf3 54. Kf1 Ke3 55. Ke1 f3 56. Bh4 Kd4 57. Bf2+ Kc3 58. Be3 Kb2 59. b4
Kxa2 60. Kf2 Kb3 61. Bd2 Kc4 62. Ke3 a5 63. bxa5 Kxc5 64. Be1 Kc4 65. Bg3 c5
66. Kd2 Kb3 67. Bf2 c4 68. Bd4 c3+ 69. Kc1 Kc4 70. Bb6 Kd3 71. Kd1 Bb3+ 72. Kc1
Ke2 0-1

[Event "FIDE Open World Blitz 2021"]
[Site "Warsaw"]
[Date "2021.12.30"]
[Round "20.4"]
[White "Teclaf, Pawel"]
[Black "Mikhalevski, Victor"]
[Result "1-0"]
[WhiteElo "2543"]
[BlackElo "2577"]
[Annotator "ChessBase"]
[PlyCount "59"]
[EventDate "2021.12.29"]
[EventType "swiss"]
[EventCountry "POL"]
[Tiebreak "Cut1 Buchholz"]
[SourceTitle "playchess.com"]
[Source "ChessBase"]
[SourceQuality "1"]

1. e4 e5 2. Nf3 Nc6 3. Bb5 a6 4. Ba4 Nf6 5. O-O Nxe4 6. d4 b5 7. Bb3 d5 8. dxe5
Be6 9. Qe2 Be7 10. Rd1 O-O 11. c4 bxc4 12. Bxc4 Bc5 13. Be3 Bxe3 14. Qxe3 Qb8
15. Bb3 Na5 16. Nd4 c5 17. Nxe6 fxe6 18. f3 c4 19. fxe4 cxb3 20. exd5 bxa2 21.
Rxa2 Qb3 22. Qxb3 Nxb3 23. dxe6 Rf5 24. Rxa6 Re8 25. Rd5 Ref8 26. h3 h5 27. e7
Re8 28. Ra8 Kf7 29. e6+ Kxe6 30. Rxf5 1-0